Responses for show #6982 - Tuesday, January 13, 2015

John Schultz game 4.

Contestants

[<< previous game]

Abbie Micucci, a stay-at-home mom from Westborough, Massachusetts

Jeremy Reff, a business developer from Brooklyn, New York

John Schultz, a computer programmer from Ann Arbor, Michigan (whose 3-day cash winnings total $74,000)

[next game >>]

Jeopardy! Round responses

A REAL MYSTERY
SPORTS TALK
MINNESOTA
IT'S A FACT
SWEET! POTATOES!
NAME THAT VERB
    $200 22
Veronica Mars

John
    $200 6
cricket

John
    $200 17
admiral

Jeremy
    $200 1
(Abbie: What is to like it?)
...
(Alex: What's the young man's first name? [*]. That's a verb.)

mark

Abbie
Triple Stumper
    $400 23
(John: What is The Third Man?)
(Jeremy: What is Stranger on a Train?)
(Alex: Say it again.)
(Jeremy: What is Stranger on a Train?)
...
(Alex: You were so close, Jeremy. You forgot the "S". It's [*]. There were two of them.)

Strangers on a Train

JohnJeremy
Triple Stumper
    $400 7
camel

Jeremy
    $400 11
Lake Superior

Jeremy
    $400 18
a headache

Jeremy
    $400 2
pat

John
    $4,200 24
(Alex: You are right. And we have less than a minute now.)

Death on the Nile

John
    $600 8
the pocket

John
    $600 14
Al Franken

Jeremy
    $600 19
a whale

John
    $600 27
[The end-of-round signal sounds.]

Tater Tots

Abbie
    $600 3
rip

Abbie
    $800 25
The Mystery of Edwin Drood

Triple Stumper
    $800 9
curling

John
    $800 15
Green Giant

Triple Stumper
    $800 20
Mensa

John
    $800 12
a tuber

John
    $800 4
tucker

John
    $1000 26
The Silkworm

Triple Stumper
    $1000 10
the nock

Jeremy
    $1000 16
iron ore

John
    $1000 21
(Jeremy: What is Ohio?)

Texas

Jeremy
Triple Stumper
    $1000 13
(John: What is folic acid?)
(Jeremy: What is thiamine?)

niacin

JohnJeremy
Triple Stumper
    $1000 5
mike

John

Scores at the first commercial break (after clue 15):

John Jeremy Abbie
$3,600 $1,400 $400

Scores at the end of the Jeopardy! Round:

John Jeremy Abbie
$10,000 $600 $1,000

Double Jeopardy! Round responses

BRR, BABY, BRR
OUT, -LET
(Alex: Each response will be two words; one word will have "L-E-T" at the end of it.)
CLASSICAL MUSICIANS
1910
I'M "N"TITLED!
KNOW YOUR KNOT
    $400 15
[Alex interpolates the word "degrees" into the clues in this category when reading them.]

Tallahassee

Jeremy
    $400 20
hamlet & ham

John
    $400 25
organist

Triple Stumper
    $400 8
neon

John
    $400 10
9 to 5

Abbie
    $400 5
a rabbit (or bunny)

Jeremy
    $800 16
(Jeremy: What is Africa?)
(John: What is Antarctica?)

Australia

JohnJeremy
Triple Stumper
    $800 21
(Jeremy: What is cutlet and let?)
(Alex: No.)
(Jeremy: Er, [*].)
...
(Alex: Yeah. Jeremy, I ruled on you before you gave the correction. Less than a minute to go, John.)

cutlet & cut

JohnJeremy
    $800 26
[The end-of-round signal sounds.]

Andrés Segovia

Triple Stumper
    $800 7
Egypt

Jeremy
    $800 11
Nebraska

Jeremy
    $800 4
an anchor

Jeremy
    $1200 17
(Jeremy: What is Mauna Lea?)
(Jeremy: What is Kilauea?)
...
(Alex: Correct response, what is [*]? It's Mauna Loa also, Jeremy.)

Mauna Kea

JohnJeremy
Triple Stumper
    $1200 22
platelet & plate

John
    $1200 6
(Jeremy: Who is Picasso?)

Henri Matisse

Jeremy
Triple Stumper
    $1200 12
(Jeremy: What is NCIS?)

The Newsroom

JohnJeremy
    $1200 3
a granny knot

Triple Stumper
    $3,000 18
Maine

Jeremy
    $1600 23
couplet & coup

John
    $1600 9
(John: Who is Joe Louis?)

Jack Johnson

John
Triple Stumper
    $1600 13
Non-Stop

Abbie
    $1600 2
a hitch

Jeremy
    $2000 19
Germany

John
    $2000 24
pallet & pal

John
    $2000 14
'night, Mother

Triple Stumper
    $2,000 1
a sheepshank

Jeremy

Scores at the end of the Double Jeopardy! Round:

John Jeremy Abbie
$16,000 $5,200 $3,000
(lock game)

[wagering suggestions for these scores]

Final Jeopardy! Round responses

BROADWAY MUSICALS
AbbieWhat is The Music Man?
$3,000
JeremyWhat is Oklahoma
$5,199
JohnWhat is Oklahoma?
$5,000
The Music Man

Final scores:

John Jeremy Abbie
$11,000 $1 $6,000
4-day champion: $85,000 3rd place: $1,000 2nd place: $2,000

Game dynamics:

Coryat scores:

John Jeremy Abbie
$12,400 $3,800 $3,000
20 R
(including 1 DD),
5 W
14 R
(including 2 DDs),
8 W
4 R,
1 W

Combined Coryat: $19,200

The J! Archive is created by fans, for fans. The Jeopardy! game show and all elements thereof, including but not limited to copyright and trademark thereto, are the property of Jeopardy Productions, Inc. and are protected under law. This website is not affiliated with, sponsored by, or operated by Jeopardy Productions, Inc. Join the discussion at JBoard.tv.